| 000 | 00633nam a2200241Ia 4500 | ||
|---|---|---|---|
| 003 | OSt | ||
| 005 | 20221007081943.0 | ||
| 006 | a|||||r|||| 00| 0 | ||
| 007 | ta | ||
| 008 | 221006b |||||||| |||| 00| 0 eng d | ||
| 024 | _a29,063 | ||
| 037 | _cTextual | ||
| 040 |
_aFLL _cFLL _beng |
||
| 041 |
_2eng _aeng |
||
| 082 | _aZ73:94g, H4 | ||
| 100 |
_aMckelvey John Jay _9698373 |
||
| 245 | 0 | _aLaw of evidence | |
| 250 | _a5th | ||
| 260 |
_aSt. Paul , _bMinn. West Publishing Co. St. Minn. _c1944 |
||
| 300 |
_axxiv,814p _ccm. |
||
| 942 |
_hZ73:94g, H4 _cTEXL _2CC |
||
| 999 |
_c1164846 _d1164846 |
||